Flexible Working (Record no. 3132)

MARC details
000 -LEADER
fixed length control field 00328nam a22001337a 4500
008 - FIXED-LENGTH DATA ELEMENTS--GENERAL INFORMATION
fixed length control field 250424b |||||||| |||| 00| 0 eng d
020 ## - INTERNATIONAL STANDARD BOOK NUMBER
ISBN 0340845163
100 ## - MAIN ENTRY--AUTHOR
Author ELSTON, Carol
245 ## - TITLE STATEMENT
Title Flexible Working
260 ## - PUBLICATION, DISTRIBUTION, ETC. (IMPRINT)
Place of publication Illinoise
Name of publisher Mc-Graw Hill Companies
Date of publication 2004
300 ## - COLLATION
Pagination xi, 218p.
942 ## - ADDED ENTRY ELEMENTS (KOHA)
Item type Books
050 ## - LIBRARY OF CONGRESS CALL NUMBER
Classification number HD5109.2
Item number .F54
Holdings
Source of classification or shelving scheme Not for loan Permanent location Current location Date acquired Accession No. Full call number Barcode. Koha item type
Library of Congress Classification   Samuel Ogbemudia Main Library, University of Abuja Samuel Ogbemudia Main Library, University of Abuja 04/24/2025 2008-36623 HD5109.2.F54 2025-1549 Books